00648cam a22001691 450000100100000000500170001000800410002704000250006810000460009324500510013926000510019030000310024149000660027291000150033895201100035399900150046300000509620200929151558.0740405s1955 xx 000 0 spa  aDO-SdBNPbspacBNPHU1 aIbarbourou, Juana de,d1895?-1979.91462410aRomances del destino. /cIlus. de Carlos Lara. aMadrid, :bEdiciones Cultura Hispanica,c1955. a148 p. :billus. ;c21 cm.0 aColeccion La Encina y el mar, poesia de Espana y America,v21 aEn proceso 001052708MOaGRbGRcCTd2009-07-29iLF1l0o p5096-10r2020-06-25w2020-06-25y2ZPréstamo interno c4899d4899